América Latina: La iglesia en el siglo liberal : (Registro nro. 4861)
[ vista simple ]
| 000 -LEADER | |
|---|---|
| fixed length control field | 01427nam a2200277Ia 4500 |
| 003 - CONTROL NUMBER IDENTIFIER | |
| control field | OSt |
| 005 - DATE AND TIME OF LATEST TRANSACTION | |
| control field | 20200407150554.0 |
| 008 - FIXED-LENGTH DATA ELEMENTS--GENERAL INFORMATION | |
| fixed length control field | 191128s1996 ck gr 000 0 spa d |
| 020 ## - INTERNATIONAL STANDARD BOOK NUMBER | |
| International Standard Book Number | 9589502210 |
| 040 ## - CATALOGING SOURCE | |
| Original cataloging agency | CO-JMCR |
| Transcribing agency | CO-JMCR |
| 082 04 - DEWEY DECIMAL CLASSIFICATION NUMBER | |
| Classification number | 282.8 / |
| Item number | C172A |
| 100 1# - MAIN ENTRY--PERSONAL NAME | |
| Personal name | Cárdenas G., Eduardo, S.J., |
| Relator term | autor |
| 9 (RLIN) | 2708 |
| 245 10 - TITLE STATEMENT | |
| Title | América Latina: La iglesia en el siglo liberal : |
| Remainder of title | la iglesia en el siglo liberal / |
| Statement of responsibility, etc. | Eduardo Cárdenas G., S.J. ; editor, Neira F., Germán, S.J., |
| 250 ## - EDITION STATEMENT | |
| Edition statement | Primera edición |
| 260 ## - PUBLICATION, DISTRIBUTION, ETC. | |
| Place of publication, distribution, etc. | Bogotá : |
| Name of publisher, distributor, etc. | Pontificia Universidad Javeriana, |
| Date of publication, distribution, etc. | 1996 |
| 300 ## - PHYSICAL DESCRIPTION | |
| Extent | 248 páginas ; |
| Dimensions | 23 cm. |
| 490 0# - SERIES STATEMENT | |
| Series statement | Colección pasado en presente ; |
| Volume/sequential designation | 4 |
| 505 ## - FORMATTED CONTENTS NOTE | |
| Formatted contents note | El marco político y social -- El siglo liberal -- La iglesia y el estado en el siglo XIX -- las estructuras de la iglesia -- El primer concilio latinoamericano -- Continuidad y diferencia -- El catolisismo -- Fidelidad religiosa y religiosidadpopular |
| 520 ## - SUMMARY, ETC. | |
| Summary, etc. | Este libro trata sobre las duras luchas que tuvo que librar la iglesia en América latina durante los siglos XIX y XX y que se habrían perdido definitivamente si no se hubiera contado con una masa fiel a la fe. A pesar de lo proclamada confesionalidad de l |
| 650 14 - SUBJECT ADDED ENTRY--TOPICAL TERM | |
| Topical term or geographic name entry element | Iglesia católica |
| 9 (RLIN) | 2693 |
| 650 24 - SUBJECT ADDED ENTRY--TOPICAL TERM | |
| Topical term or geographic name entry element | Historia |
| 9 (RLIN) | 2709 |
| 650 24 - SUBJECT ADDED ENTRY--TOPICAL TERM | |
| Topical term or geographic name entry element | Partidos políticos |
| 9 (RLIN) | 2710 |
| 700 1# - ADDED ENTRY--PERSONAL NAME | |
| Personal name | Neira F., |
| Relator term | editor |
| 9 (RLIN) | 2711 |
| 700 1# - ADDED ENTRY--PERSONAL NAME | |
| Personal name | Germán, S.J., |
| Relator term | editor |
| 9 (RLIN) | 2712 |
| 942 ## - ADDED ENTRY ELEMENTS (KOHA) | |
| Source of classification or shelving scheme | Dewey Decimal Classification |
| Koha item type | Books |
| Withdrawn status | Lost status | Source of classification or shelving scheme | Materials specified (bound volume or other part) | Damaged status | Not for loan | Home library | Current library | Shelving location | Date acquired | Source of acquisition | Cost, normal purchase price | Total Checkouts | Full call number | Barcode | Date last seen | Copy number | Price effective from | Koha item type |
|---|---|---|---|---|---|---|---|---|---|---|---|---|---|---|---|---|---|---|
| Dewey Decimal Classification | Donación--15/04/2018-- | Biblioteca Pública José María del Castillo y Rada | Biblioteca Pública José María del Castillo y Rada | General Stacks | 11/28/2019 | Donación | 0.00 | 282.8 / C172A | 430000811 | 05/16/2024 | Ej.1 | 11/28/2019 | Books |